| 000 | 00394nam a22001697a 4500 | ||
|---|---|---|---|
| 999 |
_c531907 _d531907 |
||
| 003 | NUST | ||
| 005 | 20191104100620.0 | ||
| 020 | _a9788180140327 | ||
| 024 | _a8180140326 | ||
| 038 | _aMSOHAIL | ||
| 082 | _a0 | ||
| 100 |
_aS.C. Sharma _925088 |
||
| 245 | _aMachine Drawing | ||
| 260 |
_aNew Delhi _bStandard Publishers Distributors _c2012 |
||
| 300 |
_ap;736, _b21cm _ep.b. |
||
| 942 |
_2ddc _cBK |
||